Protein purification protocols. (Record no. 524363)
[ view plain ]
| 000 -LEADER | |
|---|---|
| fixed length control field | 01459cam a22003854a 4500 |
| 001 - CONTROL NUMBER | |
| control field | 13137147 |
| 003 - CONTROL NUMBER IDENTIFIER | |
| control field | NUST |
| 005 - DATE AND TIME OF LATEST TRANSACTION | |
| control field | 20190620074108.0 |
| 008 - FIXED-LENGTH DATA ELEMENTS--GENERAL INFORMATION | |
| fixed length control field | 030321s2004 njua b 001 0 eng |
| 010 ## - LIBRARY OF CONGRESS CONTROL NUMBER | |
| LC control number | 2003006803 |
| 020 ## - INTERNATIONAL STANDARD BOOK NUMBER | |
| International Standard Book Number | 1588290670 (alk. paper) |
| 035 ## - SYSTEM CONTROL NUMBER | |
| System control number | (DNLM)101171980 |
| 038 ## - RECORD CONTENT LICENSOR | |
| Staff Name | ASAB |
| 040 ## - CATALOGING SOURCE | |
| Original cataloging agency | DNLM/DLC |
| Transcribing agency | ASAB |
| Modifying agency | DLC |
| 042 ## - AUTHENTICATION CODE | |
| Authentication code | pcc |
| 050 00 - LIBRARY OF CONGRESS CALL NUMBER | |
| Classification number | QP551 |
| Item number | .P69756 2004 |
| 060 10 - NATIONAL LIBRARY OF MEDICINE CALL NUMBER | |
| Classification number | W1 |
| Item number | ME9616J v.244 2004 |
| 060 10 - NATIONAL LIBRARY OF MEDICINE CALL NUMBER | |
| Classification number | QU 25 |
| Item number | P967 2004 |
| 082 00 - DEWEY DECIMAL CLASSIFICATION NUMBER | |
| Classification number | 547.7/5046 |
| Edition number | 21 |
| 245 00 - TITLE STATEMENT | |
| Title | Protein purification protocols. |
| 250 ## - EDITION STATEMENT | |
| Edition statement | 2nd ed. / edited by Paul Cutler. |
| 260 ## - PUBLICATION, DISTRIBUTION, ETC. | |
| Place of publication, distribution, etc. | Totowa, N.J. : |
| Name of publisher, distributor, etc. | Humana Press, |
| Date of publication, distribution, etc. | c2004. |
| 300 ## - PHYSICAL DESCRIPTION | |
| Extent | xii, 484 p. : |
| Other physical details | ill. ; |
| Dimensions | 26 cm. |
| 490 1# - SERIES STATEMENT | |
| Series statement | Methods in molecular biology ; v. 244 |
| 504 ## - BIBLIOGRAPHY, ETC. NOTE | |
| Bibliography, etc. note | Includes bibliographical references and index. |
| 650 #0 - SUBJECT ADDED ENTRY--TOPICAL TERM | |
| Topical term or geographic name entry element | Proteins |
| General subdivision | Purification |
| Form subdivision | Laboratory manuals. |
| 9 (RLIN) | 15183 |
| 650 12 - SUBJECT ADDED ENTRY--TOPICAL TERM | |
| Topical term or geographic name entry element | Proteins |
| General subdivision | isolation & purification |
| Form subdivision | Laboratory Manuals. |
| 9 (RLIN) | 15184 |
| 700 1# - ADDED ENTRY--PERSONAL NAME | |
| Personal name | Cutler, Paul, |
| Dates associated with a name | 1962- |
| 9 (RLIN) | 15185 |
| 830 #0 - SERIES ADDED ENTRY--UNIFORM TITLE | |
| Uniform title | Methods in molecular biology (Clifton, N.J.) ; |
| Volume/sequential designation | v. 244. |
| 9 (RLIN) | 15186 |
| 856 42 - ELECTRONIC LOCATION AND ACCESS | |
| Materials specified | Publisher description |
| Uniform Resource Identifier | <a href="http://www.loc.gov/catdir/enhancements/fy0825/2003006803-d.html">http://www.loc.gov/catdir/enhancements/fy0825/2003006803-d.html</a> |
| 856 41 - ELECTRONIC LOCATION AND ACCESS | |
| Materials specified | Table of contents only |
| Uniform Resource Identifier | <a href="http://www.loc.gov/catdir/enhancements/fy0825/2003006803-t.html">http://www.loc.gov/catdir/enhancements/fy0825/2003006803-t.html</a> |
| 906 ## - LOCAL DATA ELEMENT F, LDF (RLIN) | |
| a | 7 |
| b | cbc |
| c | orignew |
| d | 1 |
| e | ecip |
| f | 20 |
| g | y-gencatlg |
| 942 ## - ADDED ENTRY ELEMENTS (KOHA) | |
| Source of classification or shelving scheme | |
| Koha item type | Book |
| Withdrawn status | Lost status | Source of classification or shelving scheme | Damaged status | Not for loan | Permanent Location | Current Location | Date acquired | Total Checkouts | Full call number | Barcode | Date last seen | Price effective from | Koha item type | Date last checked out |
|---|---|---|---|---|---|---|---|---|---|---|---|---|---|---|
| Atta-ur-Rahman School of Applied Biosciences (ASAB) | Atta-ur-Rahman School of Applied Biosciences (ASAB) | 06/20/2019 | 547.7 CUT | ASAB1491 | 06/20/2019 | 06/20/2019 | Book | |||||||
| Atta-ur-Rahman School of Applied Biosciences (ASAB) | Atta-ur-Rahman School of Applied Biosciences (ASAB) | 06/20/2019 | 1 | 547.7 CUT | ASAB1492 | 02/03/2022 | 06/20/2019 | Book | 01/20/2022 | |||||
| Atta-ur-Rahman School of Applied Biosciences (ASAB) | Atta-ur-Rahman School of Applied Biosciences (ASAB) | 06/20/2019 | 547.7 CUT | ASAB1493 | 06/20/2019 | 06/20/2019 | Book | |||||||
| Atta-ur-Rahman School of Applied Biosciences (ASAB) | Atta-ur-Rahman School of Applied Biosciences (ASAB) | 06/20/2019 | 547.7 CUT | ASAB1494 | 06/20/2019 | 06/20/2019 | Book | |||||||
| Atta-ur-Rahman School of Applied Biosciences (ASAB) | Atta-ur-Rahman School of Applied Biosciences (ASAB) | 06/20/2019 | 547.7 CUT | ASAB1495 | 06/20/2019 | 06/20/2019 | Book |
